000 00534nam a2200205Ia 4500
003 OSt
005 20220918105440.0
006 a|||||r|||| 00| 0
007 ta
008 220915b |||||||| |||| 00| 0 eng d
024 _a94,313
037 _cReference Collections
040 _aARTS
_cARTS
_beng
041 _2eng
_aeng
082 _aU.6, L4(RR)
245 0 _aAfrican geography for schools
_b handbook for teachers
260 _c1974
942 _hU.6, L4(RR)
_cREF
999 _c107356
_d107356